| 000 | 01396nam a2200385Ia 4500 | ||
|---|---|---|---|
| 005 | 20220317000355.0 | ||
| 007 | ta | ||
| 008 | 210828s2013 ck 0 epa s spa d | ||
| 020 | _a9789587108965 | ||
| 040 |
_aCO-BoRNBP _bspa _erda _cCO-BoRNBP |
||
| 041 | 0 | _aspa | |
| 082 | 0 | 4 |
_a320.6 _bM15 _222 |
| 245 | 0 | 0 |
_aManual de análisis y diseño de políticas públicas _cdirector Gonzalo Ordóñez-Matamorros |
| 250 | _aPrimera edición | ||
| 264 | 1 |
_aBogotá _bUniversidad Externado de Colombia _c2013 |
|
| 300 |
_a324 páginas _bilustraciones, tablas _c24 cm |
||
| 336 |
_atexto _btxt _2rdacontent |
||
| 337 |
_asin mediación _bn _2rdamedia |
||
| 338 |
_avolumen _bnc _2rdacarrier |
||
| 504 | _aIncluye referencias bibliográficas | ||
| 521 | _aRecomendado para un público adulto | ||
| 650 | 1 | 7 |
_aPolítica pública _2LEMB |
| 650 | 1 | 7 |
_aAdministración pública _2LEMB |
| 650 | 1 | 7 |
_aPolítica social _2LEMB |
| 650 | 1 | 7 |
_aProblemas sociales _2LEMB |
| 650 | 1 | 7 |
_aCiencias políticas _2LEMB |
| 700 | 1 |
_aOrdoñez-Matamoros, Gonzalo _edirector _9186019 |
|
| 700 | 1 |
_aTadlaoui, Sarah _eautor _9186020 |
|
| 700 | 1 |
_aPorras Álzate, Sara _eautor _915886 |
|
| 700 | 1 |
_aDuarte García, José Andrés _eautor _915887 |
|
| 700 | 1 |
_aHernando López, Luis _eautor _915888 |
|
| 700 | 1 |
_aCalderón-Peña, Gloria A. _eautor _915889 |
|
| 700 | 1 |
_aMartínez Fajardo, Lina Paola _eautor _915890 |
|
| 942 |
_2ddc _cBK |
||
| 999 |
_c3865 _d3865 |
||